000
00286nam a2200109Ia 4500
001
588898
005
20250717120839.0
008
250717s9999 xx 000 0 und d
245
0
_a
Y-7 IŞIĞIN EFENDİSİ İBNİ HEYSEM
_c
ELİF AKARDAŞ
260
_b
ERDEM YAYINLARI
_c
2020
300
_b
119
999
_c
588898
_d
588898